000 00561nam a2200217 a 4500
001 0001-2122
003 ELIB.Books
008 190724 2010 eng
020 _a0299079805
092 _a350
_bGan
100 _aGant, George F.
245 _aDevelopment Administration
260 _aLondon
_bThe University of Wisconsin Press
_c1979
300 _a343
_c23.5cm
650 _aDevelopment
856 _nKBTS Library
_uKBTS Elib
942 _2ddc
_cBK
990 _a1
998 _aEnglishbooks.elf
_ccat
_e2019-07-24
999 _c12122
_d12122